000 00877nam a22001937a 4500
999 _c18789
_d18789
003 AR-CdUCM
008 190515b ||||| |||| 00| 0 spa d
040 _aMUNICIPALIDAD PROVINCIAL DEL CUSCO
_cBIBLIOTECA MUNICIPAL DEL CUSCO
082 _a320.985 /
_bP75
245 _aLa politica exterior del gobierno revolucionario peruano :
_bRecopilación de los principales discursos pronunciados por el ministro de relaciones exteriores general de división E.P. Edgardo Mercado Jarrin /
260 _aLima :
_c1971.
300 _a422 paginas ;
_c20 cm.
505 _aContenido: El perú en el concepto mundial -- El perú en el concepto latinoamericano -- Grupo andino -- Relaciones bilaterales -- Declaraciones y comunicados conjuntos...
650 _aPolitica
_9291
650 _aExterior
_939592
650 _aPeruano
_927311
942 _2ddc
_cLIBROS
945 _apjha
_d2019-05-15